000 00249nam a22001217a 4500
003 SGT
082 _bKHA
100 _aKHAN, M.Y.
245 _aFINANCIAL MANAGEMENT
260 _aDELHI
_bTATA MCGRAW HILL
_c2007
300 _a956
942 _2ddc
_cBK
999 _c21309
_d21309